000 00332nam a2200145Ia 4500
005 20251222152607.0
008 251222s9999||||xx |||||||||||||| ||spa||
020 _a8422680084
082 _a813.54/C32
100 _aCase, John
245 0 _aCódigo Génesis
250 _a1ra.ed.
264 _bCírculo de Lectores
942 _cLIB
999 _c26822
_d26822